000 00478nam a2200181 a 4500
005 20240316063823.0
008 991125s1977 mx 000 0 spa u
035 _aUPN01000008961
049 _aCG
050 4 _aBF637 C5
_bN4.2
100 1 _aNelligan, Maurice
245 1 0 _aCómo controlar la mente y la conducta /
_cMaurice Nelligan.
260 _aMéxico :
_bDiana,
_c1977.
300 _a383 p.
650 4 _aPSICOLOGIA APLICADA
650 4 _aEmociones
_939
905 _aLibro
999 _c8961
_d8961